000
00353pab a2200157 454500
008
180718b2008 xxu||||| |||| 00| 0 eng d
100
_a
Sharan, Shree Shankar
245
_a
Fighting the flood ravages of Kosi
260
_c
2008
300
_a
p.4-7.
362
_a
11 Oct
650
_a
Floods
773
_a
Mainstream
908
_a
N
909
_a
79927
999
_c
79927
_d
79927